Game of Thrones Cast Quiz Stats

 Plays Quiz Updated Dec 7, 2012

Challenge
Share
Tweet
Embed
Score 0/19 Timer 05:00
0 Plays Today
Character name Actor name % Correct
Lord Eddard StarkSean Bean
92.9%
Tyrion LannisterPeter Dinklage
84.6%
Daenerys TargaryenEmilia Clarke
84.4%
Theon GreyjoyAlfie Allen
77.1%
Arya StarkMaisie Williams
75.1%
Jon SnowKit Harington
72%
Queen CerseiLena Headey
69.7%
Sansa StarkSophie Turner
67.9%
King Robert BaratheonMark Addy
61.2%
Khal DrogoJason Momoa
58.2%
Character name Actor name % Correct
Prince Joffrey BaratheonJack Gleeson
56.7%
Robb StarkRichard Madden
53.8%
Ser Jaime LannisterNikolaj Coster-Waldau
52.9%
Lady Catelyn StarkMichelle Fairley
49.9%
Ser Jorah MormontIain Glen
49%
Lord Petyr Baelish ('Littlefinger')Aidan Gillen
43%
Bran StarkIsaac Hempstead-Wright
34.9%
Sandor Clegane ('the Hound')Rory McCann
34.8%
Viserys TargaryenHarry Lloyd
33.6%

You're not logged in!

Compare scores with friends on all Sporcle quizzes.
Join for Free
OR
Log In

You Might Also Like...

Show Comments

Extras

Top Quizzes Today


Score Distribution

Your Account Isn't Verified!

In order to create a playlist on Sporcle, you need to verify the email address you used during registration. Go to your Sporcle Settings to finish the process.

Report this User

Report this user for behavior that violates our Community Guidelines.

Details: